Born in Atlanta - Statistics

General Stats
  • This quiz has been taken 76 times
    35 since last reset
  • The average score is 13 of 42
Answer Stats
Hint Answer % Correct
Nobel Peace Prize winner, baptist minister and one of the leaders of the civil rights movement, he got assssinated in 1968 1929 Martin Luther King
86%
Actress, "Pretty Woman" "Notting Hill" "Ocean's Eleven" "Erin Brockovich" 1967 Julia Roberts
73%
Director, "Do the Right Thing" "Malcolm X" "BlacKkKlansman" "Inside Man" 1957 Spike Lee
73%
Rapper and one of the pioneers of trap music, "Whatever You Like" "Live Your Life" 1980 T. I.
73%
Rapper and media personality, "Heartless" "Gold Digger" "Stronger" 1977 Kanye West
68%
Singer and first woman to be inducted into both the Rock and Roll and Country Music Halls of Fame, "Rockin' Around the Christmas Tree" "I'm Sorry" 1944 Brenda Lee
64%
Author of "Gone with the Wind" 1900 Margaret Mitchell
59%
Actress, best known for her role as Raven Baxter in "That's So Raven" 1985 Raven-Symoné
59%
Singer, nicknamed "Empress of Soul", "That's What Friends Are For" "Midnight Train to Georgia" 1944 Gladys Knight
55%
Singer and part of the project Gnarls Barkley, "Crazy" "Fuck You" 1975 Cee-Lo Green
50%
Former cornerback who played most notably for the Bengals, nicknamed "Pacman" 1983 Adam Jones
45%
Quarterback who played most of his career for the Panthers and was NFL MVP 2015 and Heisman Trophy winner 2010 1989 Cam Newton
45%
Comedian and actor, known for his role as Detective James Carter in the "Rush Hour" series 1971 Chris Tucker
45%
Singer and former member of Destiny's Child, "Dilemma" "When Love Takes Over" 1981 Kelly Rowland
45%
Rapper and one half of the duo Outkast 1975 André 3000
41%
Actor, "The Office" "The Hangover" trilogy 1974 Ed Helms
41%
Rapper, "Mask Off" "Low Life" "Love Me" "Bum Bum Tam Tam" 1983 Future
41%
Center who plays for the Los Angeles Lakers (former player of the Magic, Rockets and other NBA teams) 1985 Dwight Howard
36%
Running back who plays for the New Orleans Saints 1995 Alvin Kamara
32%
Tennis player, US Open 2023 champion and French Open champion 2025 2004 Coco Gauff
32%
Hall of Fame point guard who played most his career fo the New York Knicks 1945 Walt Frazier
32%
Actress, "Kick-Ass" "Hugo" "The 5th Wave" 1997 Chloe Grace Moretz
27%
Director, "Ocean's Eleven" "Traffic" "Erin Brockovich" "Logan Lucky" "Contagion" 1963 Steven Soderbergh
27%
Senator from Georgia since 2021 1987 Jon Ossoff
23%
Rapper, "Drip Too Hard" "Yes Indeed" "We Paid" "The Bigger Picture" 1994 Lil Baby
23%
Point guard who plays for the Washington Wizards, NBA Sixth Man of the Year 2023 and NBA Rookie of the Year 2017 1992 Malcolm Brogdon
18%
Defensive end who plays for the Atlanta Falcons 1993 Grady Jarrett
14%
Singer and former member of Fifth Harmony, "Dancing with a Stranger" "Diamonds" "Love Lies" 1996 Normani
14%
Rapper, "Havana" "Ski" "Hot" 1991 Young Thug
14%
Actor, known for his role as Carl Grimes in "The Walking Dead" 1999 Chandler Riggs
9%
Sprinter, 2024 Summer Olympics 200 meters gold medalist and winner of two Olympic relay gold medals 1996 Gabrielle Thomas
9%
Actress, known for her role as Erica Sinclair in "Stranger Things" 2006 Priah Ferguson
9%
Actor, "True Detective" "Blade" "Public Enemies" 1973 Stephen Dorff
9%
Actress, "Euphoria" "When They See Us" "A Wrinkle in Time" 2003 Storm Reid
9%
Author of "Simon vs. the Homo Sapiens Agenda" 1982 Becky Albertalli
5%
Tennis player, US Open semifinalist 2023 and Australian Open semifinalist 2025 2002 Ben Shelton
5%
Sprinter and 2019 world champion in the 100 meters 1996 Christian Coleman
5%
Tennis player and Wimbledon quarterfinalist 2023 1996 Christopher Eubanks
5%
Head Coach of the New Orleans Saints since 2022 1972 Dennis Allen
5%
Co-founder of Airbnb 1981 Joe Gebbia
5%
Former defensive end and outside linebacker who played for the Colts and is the NFL's all-time leader in forced fumbles and strip sacks 1981 Robert Mathis
5%
Video game designer and original designer of "The Sims" 1960 Will Wright
5%
No matching quizzes found
Score Distribution
Percent of People with Each Score
Percentile by Number Answered
Your Score History
You have not taken this quiz since the last reset